000 00445nam a2200145Ia 4500
005 20251222141940.0
008 251222s9999||||xx |||||||||||||| ||spa||
020 _a9786124657702
082 _a371.358/R75
100 _aRodrigues Casavilca, Hipólito
245 0 _aDesarrollo de la Telemática Educativa e Implementación del E-Learning en Posgrado:
250 _a1ra.ed.
264 _bFondo Editorial de la Asociación Liderando
942 _cLIB
999 _c9341
_d9341